1639 1281 1726 1230 1373 1711 1036 1333 1494 1128 1488 1335 1931 1007 1800 1882 1058 1236 1039 1186 1468 1494 1949 1603 1662 1018 1343 1281 1692 1151 1684 1931 1196 1526 1634 1648 1610 1607 1971 1000 1941 1781 1373 1557 1350 1556 1742 1777 1653 1174 1015 1388 1965 1183 1204 1567 1203 1429 1409 1640 1695 1793 1683 1376 1872 1622 1372 1513 1005 1273 1880 1354 1186 1659 1770 1354 1495 1903 1717 1512 1829 1476 1144 1538 1685 1359 1651 1648 1497 1433 1605 1733 1935 1276 1914 1239 1923 1943 1705 BCNSPRNW ULIB Ver.6.0+V

เปลี่ยนเป็นภาษาไทย

Change to English
 แสดงรายละเอียดบรรณานุกรม
  กลับหน้าหลัก

Brief Record : Get Marc (ISO 2709) : E-mail record : QR code < ปิดหน้าต่าง
LEADER : 00000nam 2200000uu 4500
001    13399126343
003     ULIB
008    180910s2560||||th 000 0 tha d
024 0  ^a9786164551022
060  0 ^aWA20.5^bบ471ร
100 0  ^aบุญธรรม กิจปรีดาบริสุทธิ์
245 00 ^aระเบียบวิธีการวิจัยทางการสาธารณสุข: กรณีศึกษาความสัมพันธ์ะหว่างตัวแปร =^bResearch methods in public health: case studies on relationship among variables/^cบุญธรรม กิจปรีดาบริสุทธิ์ และ^cพิศมัย เสรีขจรกิจเจริญ
250    ^aพิมพ์ครั้งที่ 1 (ราคา 180 บาท)
260    ^aกรุงเทพฯ :^bจามจุรีโปรดักส์,^c2560
300    ^a345 หน้า
650  0 ^aวิจัย
650  0 ^aสาธารณสุข^xวิจัย
700 0  ^aพิศมัย เสรีขจรกิจเจริญ
945    ^p180^l0^i004562
945    ^p180^l0^i004561
945    ^p180^l0^i004560
999    ^aประนอม เกษจรัล
รายการนี้ยังไม่มีแท็ก
คุณยังไม่ได้ล็อกอิน คุณสามารถมีกิจกรรมร่วมกับเว็บไซต์ได้ แต่ต้องล็อกอินก่อน ::
  ล็อกอิน

รายการสื่อสารสนเทศ

ลำดับที่ ประเภท เลขเรียก/บาร์โค้ด สถานที่ สถานะ
1. วิทยาศาสตร์การแพทย์ และสุขภาพ
หนังสือสำรอง
สถานะ=หนังสือสำรอง
WA20.5 บ471ร ฉ.1 
  Barcode: 004560
ห้องสมุดวิทยาเขตสวรรค์ประชารักษ์
►หนังสือทั่วไป
บนชั้น
2. วิทยาศาสตร์การแพทย์ และสุขภาพ
วิทยาศาสตร์การแพทย์ และสุขภาพ
WA20.5 บ471ร ฉ.2 
  Barcode: 004561
ห้องสมุดวิทยาเขตสวรรค์ประชารักษ์
►หนังสือทั่วไป
บนชั้น
3. วิทยาศาสตร์การแพทย์ และสุขภาพ
วิทยาศาสตร์การแพทย์ และสุขภาพ
WA20.5 บ471ร ฉ.3 
  Barcode: 004562
ห้องสมุดวิทยาเขตสวรรค์ประชารักษ์
►หนังสือทั่วไป
บนชั้น

รายการใกล้เคียง
    ผู้แต่ง [บุญธรรม กิจปรีดาบริสุทธิ์]

    หัวเรื่อง [วิจัย]
    หัวเรื่อง [สาธารณสุข วิจัย]

BibComment


ยังไม่เคยถูกคอมเมนท์

คอมเมนท์ทรัพยากรรายการนี้
  คอมเมนท์: ระเบียบวิธีการวิ..


 Copyright 2026. Bcnsprnw @Library